Flora of the USSR : (Record no. 136767)
[ view plain ]
| 000 -LEADER | |
|---|---|
| fixed length control field | 00839nam a2200205 4500 |
| 010 ## - LIBRARY OF CONGRESS CONTROL NUMBER | |
| LC control number | B-045759 |
| 035 ## - SYSTEM CONTROL NUMBER | |
| System control number | B-045759 |
| 037 ## - SOURCE OF ACQUISITION | |
| Source of stock number/acquisition | Cen Lib / Ret |
| 040 ## - CATALOGING SOURCE | |
| Original cataloging agency | DPL |
| Language of cataloging | EN |
| 082 ## - DEWEY DECIMAL CLASSIFICATION NUMBER | |
| Classification number | 581.0947 |
| Item number | FLO |
| 245 ## - TITLE STATEMENT | |
| Title | Flora of the USSR : |
| Statement of responsibility, etc | edited by B. K. Schischkin [and] E. G. Bobrov |
| 260 ## - PUBLICATION, DISTRIBUTION, ETC. (IMPRINT) | |
| Place of publication, distribution, etc | Washington |
| Name of publisher, distributor, etc | Smithsonian Institution Libraries |
| Date of publication, distribution, etc | 2000 |
| 270 ## - ADDRESS | |
| Address | Smithsonian Institution Libraries |
| City | Washington |
| 300 ## - PHYSICAL DESCRIPTION | |
| Extent | v 23. 733 ; v 26. 892 v 28. 649 ; v 29. 795 ; |
| Other physical details | 24cm(Hb) |
| 505 ## - FORMATTED CONTENTS NOTE | |
| Formatted contents note | v 23. Bignoniaceae - Valerianaceae ; v 26. Compositae tribes anthemideae, Senesioneae and Calenduleae v 28. Compositae tribes cynareae adn mutisieae ; ; v 29. Compositae tribe cichorieae ; |
| 650 ## - SUBJECT ADDED ENTRY--TOPICAL TERM | |
| Topical term or geographic name as entry element | Plants -- Identification |
| 650 ## - SUBJECT ADDED ENTRY--TOPICAL TERM | |
| Topical term or geographic name as entry element | Plants |
| 700 ## - ADDED ENTRY--PERSONAL NAME | |
| Personal name | Bobrov, E. G. |
| 942 ## - ADDED ENTRY ELEMENTS (KOHA) | |
| Source of classification or shelving scheme | Dewey Decimal Classification |
| Koha item type | English Books |
| Classification part | 581.0947 |
| Call number suffix | FLO |
| Withdrawn status | Lost status | Source of classification or shelving scheme | Materials specified (bound volume or other part) | Damaged status | Not for loan | Home library | Current library | Date acquired | Source of acquisition | Total Checkouts | Full call number | Barcode | Date last seen | Copy number | Price effective from | Koha item type |
|---|---|---|---|---|---|---|---|---|---|---|---|---|---|---|---|---|
| Dewey Decimal Classification | v 26 | Central Library | Central Library | 09/03/2016 | Cen Lib/Ret | 581.0947 FLO | B-045759 | 09/03/2016 | 1 | 09/03/2016 | English Books | |||||
| Dewey Decimal Classification | v 28 | Central Library | Central Library | 09/03/2016 | Cen Lib/Ret | 581.0947 FLO | B-045761 | 09/03/2016 | 1 | 09/03/2016 | English Books | |||||
| Dewey Decimal Classification | v 29 | Central Library | Central Library | 09/03/2016 | Cen Lib/Ret | 581.0947 FLO | B-045760 | 09/03/2016 | 1 | 09/03/2016 | English Books | |||||
| Dewey Decimal Classification | v 23 | Central Library | Central Library | 09/03/2016 | Cen Lib/Ret | 581.0947 FLO | B-045758 | 09/03/2016 | 1 | 09/03/2016 | English Books |
